[Event "Arber op 5th"]
[Site "Bodenmais"]
[Date "2016.08.03"]
[Round "5"]
[White "Dannehr, Juergen"]
[Black "Raskin, Tal"]
[Result "1/2-1/2"]
[WhiteElo "1788"]
[BlackElo "1729"]
[PlyCount "41"]
[EventDate "2016.07.30"]
[EventType "swiss"]
[EventRounds "9"]
[EventCountry "GER"]
[SourceTitle "CBM 173 Extra"]
[Source "ChessBase"]
[SourceDate "2016.08.29"]
[SourceVersion "1"]
[SourceVersionDate "2016.08.29"]
[SourceQuality "1"]

1. c4 Nf6 2. Nc3 g6 3. d4 Bg7 4. e4 d6 5. Nf3 0-0 6. h3 e5 7. d5 a5 8. Be3 Na6 9. g4 Nd7 10. Qd2 Nac5 11. Be2 Qe7 12. 0-0-0 Rd8 13. Qc2 Nb6 14. Rdg1 Bd7 15. h4 c6 16. h5 cxd5 17. Bxc5 dxc5 18. cxd5 g5 19. Qd2 h6 20. Ne1 Nc8 21. Bb5 1/2-1/2

[Event "ISR-chT U18"]
[Site "Hakfar Hayarok"]
[Date "2014.08.20"]
[Round "5"]
[White "Raskin, Tal"]
[Black "Cohen Revivo, Shoham"]
[Result "1-0"]
[WhiteElo "1756"]
[BlackElo "1644"]
[PlyCount "145"]
[EventDate "2014.08.19"]
[EventType "team"]
[EventRounds "7"]
[EventCountry "ISR"]
[SourceTitle "EXT 2015"]
[Source "ChessBase"]
[SourceDate "2014.11.20"]
[SourceVersion "1"]
[SourceVersionDate "2014.11.20"]
[SourceQuality "1"]

1. d4 Nf6 2. c4 c5 3. d5 b5 4. cxb5 a6 5. b6 e6 6. Nc3 Qxb6 7. e4 Bb7 8. Nf3 exd5 9. Nxd5 Nxd5 10. exd5 Qb4+ 11. Bd2 Qe4+ 12. Be2 Qxd5 13. 0-0 Be7 14. Re1 Nc6 15. Bg5 Qxd1 16. Raxd1 f6 17. Bf4 Bc8 18. Bc4 g5 19. Bd6 Kd8 20. Bd5 Bxd6 21. Bxc6 dxc6 22. Rxd6+ Kc7 23. Rxf6 Rb8 24. Re7+ Kd8 25. Re2 Bg4 26. Rd2+ Ke7 27. Rxc6 Bxf3 28. gxf3 Rhc8 29. Rxa6 Rf8 30. Kg2 h5 31. b3 Rf5 32. Rdd6 Rbf8 33. Rh6 Rxf3 34. Rh7+ R3f7 35. Ra7+ Ke6 36. Raxf7 Rxf7 37. Rxf7 Kxf7 38. Kg3 Ke6 39. f4 gxf4+ 40. Kxf4 Kd6 41. Ke4 Kc6 42. a4 Kd6 43. a5 Kc6 44. a6 Kb6 45. Kd5 h4 46. h3 Kxa6 47. Kxc5 Kb7 48. Kb5 Kb8 49. Kb6 Ka8 50. b4 Kb8 51. b5 Ka8 52. Kc7 Ka7 53. b6+ Ka6 54. b7 Kb5 55. b8Q+ Kc4 56. Qh8 Kd5 57. Qxh4 Ke5 58. Qh6 Kf5 59. h4 Ke5 60. Qg6 Kd5 61. Qf5+ Kc4 62. Qe5 Kb4 63. Qd5 Kc3 64. Qe4 Kd2 65. Qf3 Kc2 66. Qe3 Kd1 67. Qf2 Kc1 68. Qe2 Kb1 69. Qd2 Ka1 70. Kb6 Kb1 71. Kb5 Ka1 72. Kb4 Kb1 73. Kb3 1-0

[Event "ISR-chT U18"]
[Site "Hakfar Hayarok"]
[Date "2014.08.20"]
[Round "4"]
[White "Raskin, Tal"]
[Black "Kremer, Ilay"]
[Result "1-0"]
[WhiteElo "1756"]
[BlackElo "1742"]
[PlyCount "69"]
[EventDate "2014.08.19"]
[EventType "team"]
[EventRounds "7"]
[EventCountry "ISR"]
[SourceTitle "EXT 2015"]
[Source "ChessBase"]
[SourceDate "2014.11.20"]
[SourceVersion "1"]
[SourceVersionDate "2014.11.20"]
[SourceQuality "1"]

1. d4 d5 2. c4 c6 3. Nc3 Nf6 4. Bf4 e6 5. Nf3 Nbd7 6. e3 Bb4 7. cxd5 Nxd5 8. Qc2 Nxf4 9. exf4 Nb6 10. Bd3 Nd5 11. Qd2 Qf6 12. g3 c5 13. 0-0 Bxc3 14. bxc3 0-0 15. c4 Ne7 16. dxc5 Ng6 17. Qe2 Qe7 18. Qe3 Bd7 19. Ne5 Nxe5 20. Qxe5 Rac8 21. Qe4 g6 22. Qxb7 Qxc5 23. Qb2 f6 24. Rfe1 e5 25. fxe5 fxe5 26. Rxe5 Qd6 27. Be4 Bc6 28. Bd5+ Bxd5 29. Rxd5 Qf6 30. Qxf6 Rxf6 31. Rc1 a6 32. c5 Rfc6 33. f4 Kf7 34. Kf2 Re6 35. Kf3 1-0